The lost Autobot / (Record no. 6100)

MARC details
000 -LEADER
fixed length control field 01221cam a22003497a 4500
001 - CONTROL NUMBER
control field 6100
003 - CONTROL NUMBER IDENTIFIER
control field FISKH
005 - DATE AND TIME OF LATEST TRANSACTION
control field 20250313084432.0
008 - FIXED-LENGTH DATA ELEMENTS--GENERAL INFORMATION
fixed length control field 111025s2011 nyua j 000 1 eng
010 ## - LIBRARY OF CONGRESS CONTROL NUMBER
LC control number 2011275000
020 ## - INTERNATIONAL STANDARD BOOK NUMBER
International Standard Book Number 9780316186346 (pbk.)
020 ## - INTERNATIONAL STANDARD BOOK NUMBER
International Standard Book Number 0316186341 (pbk.)
020 ## - INTERNATIONAL STANDARD BOOK NUMBER
International Standard Book Number 9780316186346
040 ## - CATALOGING SOURCE
Original cataloging agency DLC
Transcribing agency DLC
Language of cataloging eng
050 ## - LIBRARY OF CONGRESS CALL NUMBER
Classification number PZ7.T85485 L
082 ## - DEWEY DECIMAL CLASSIFICATION NUMBER
Classification number 509
100 1# - MAIN ENTRY--PERSONAL NAME
Personal name Turner, Katharine.
245 14 - TITLE STATEMENT
Title The lost Autobot /
Statement of responsibility, etc. adapted by Katharine Turner ; illustrated by Guido Guidi ; based on the screenplay by Ehren Kruger.
260 ## - PUBLICATION, DISTRIBUTION, ETC.
Place of publication, distribution, etc. New York :
Name of publisher, distributor, etc. Little, Brown,
Date of publication, distribution, etc. 2011.
300 ## - PHYSICAL DESCRIPTION
Extent 32 pages :
Other physical details color illustrations ;
Dimensions 23 cm
490 0# - SERIES STATEMENT
Series statement Passport to reading. 2
500 ## - GENERAL NOTE
General note At head of title: Transformers, dark of the Moon.
505 ## - FORMATTED CONTENTS NOTE
Formatted contents note K<br/>
520 ## - SUMMARY, ETC.
Summary, etc. When the Auto bots discover a lost friend in an unlikely place, they must find a way to bring him back to life to let him help them fight the evil Decepticons.
521 8# - TARGET AUDIENCE NOTE
Target audience note 510<br/>
Source Lexile estimate <br/>
521 8# - TARGET AUDIENCE NOTE
Target audience note K<br/>
Source Raz-Plus<br/>
650 ## - SUBJECT ADDED ENTRY--TOPICAL TERM
Topical term or geographic name entry element Autobots
Form subdivision Transformers
700 1# - ADDED ENTRY--PERSONAL NAME
Personal name Guidi, Guido
Relator term illustrator
906 ## - LOCAL DATA ELEMENT F, LDF (RLIN)
a 7
b cbc
c origres
d 2
e ncip
f 20
g y-gencatlg
942 ## - ADDED ENTRY ELEMENTS (KOHA)
Source of classification or shelving scheme Dewey Decimal Classification
Koha item type Books
Suppress in OPAC No
Holdings
Withdrawn status Lost status Source of classification or shelving scheme Damaged status Not for loan Collection Home library Current library Shelving location Date acquired Total Checkouts Full call number Barcode Date due Date last seen Date last checked out Price effective from Koha item type
    Dewey Decimal Classification     Juvenile Fiction Footprints International School Library Network Toul Kork Campus Footprints International School Library Network Toul Kork Campus TK Primary Library Room(4th Floor), Bookcase 3&4, Shelves 17-32, Yellow Books 03/13/2025 1 TUR 509 PZ7.T85485 L FISTK01801 02/12/2026 01/29/2026 01/29/2026 03/13/2025 Books